[Event "Ulm/Neu Ulm-ch"]
[Site "Ulm/Neu Ulm"]
[Date "2005.??.??"]
[Round "?"]
[White "Hartmann, Thomas"]
[Black "Sauter, Berthold"]
[Result "1-0"]
[WhiteElo "1915"]
[BlackElo "1453"]
[PlyCount "84"]
[EventDate "2005.11.26"]
[EventType "swiss"]
[EventRounds "7"]
[EventCountry "GER"]
[SourceTitle "EXT 2011"]
[Source "ChessBase"]
[SourceDate "2010.11.26"]
[SourceVersion "1"]
[SourceVersionDate "2010.11.26"]
[SourceQuality "1"]

1. d4 Nf6 2. c4 e6 3. Nc3 Bb4 4. Qc2 b6 5. e4 Bxc3+ 6. bxc3 d6 7. Nf3 Bb7 8. Bd3 Nc6 9. Bg5 h6 10. Bh4 g5 11. Bg3 Qd7 12. d5 Na5 13. e5 Nh5 14. 0-0 0-0-0 15. Rae1 Nxg3 16. fxg3 g4 17. Nd4 dxe5 18. Rxe5 Kb8 19. dxe6 fxe6 20. Rxa5 c5 21. Be4 Bxe4 22. Qxe4 cxd4 23. Re5 dxc3 24. Rxe6 Qd4+ 25. Qe3 Qxe3+ 26. Rxe3 c2 27. Re2 Rd1 28. Rxc2 Rxf1+ 29. Kxf1 Rf8+ 30. Ke2 Kc7 31. Kd3 Kd6 32. Kd4 Rf5 33. Ke4 Re5+ 34. Kf4 h5 35. h3 gxh3 36. gxh3 Rc5 37. g4 b5 38. Rd2+ Kc6 39. cxb5+ Kxb5 40. Re2 hxg4 41. hxg4 Rc4+ 42. Kf5 Rc5+ 1-0